Robbins Basic Pathology : (Record no. 18880)
[ view plain ]
| 000 -LEADER | |
|---|---|
| fixed length control field | 00569nam a22002057a 4500 |
| 005 - DATE AND TIME OF LATEST TRANSACTION | |
| control field | 20240320103058.0 |
| 008 - FIXED-LENGTH DATA ELEMENTS--GENERAL INFORMATION | |
| fixed length control field | 230706b |||||||| |||| 00| 0 eng d |
| 020 ## - INTERNATIONAL STANDARD BOOK NUMBER | |
| ISBN | 9788131249048 |
| 082 ## - DEWEY DECIMAL CLASSIFICATION NUMBER | |
| Classification number | 616.07 |
| Item number | KUM-R |
| 100 ## - MAIN ENTRY--AUTHOR | |
| Author Name | Kumar, Vinay |
| 245 ## - TITLE STATEMENT | |
| Title | Robbins Basic Pathology : |
| Statement of responsibility, etc. | Kumar Vinay, Abul Abbas K, Aster Jon C. |
| 250 ## - EDITION STATEMENT | |
| Edition statement | 10th ed. |
| 260 ## - PUBLICATION, DISTRIBUTION, ETC. | |
| Place of Publication | Canada: |
| Name of publisher, distributor, etc. | Elsevier; |
| Date of publication, distribution, etc. | 2018. |
| 300 ## - PHYSICAL DESCRIPTION | |
| Pages | xiv ; 935p. ; |
| 500 ## - GENERAL NOTE | |
| General note | Include Index . |
| 650 ## - SUBJECT ADDED ENTRY--TOPICAL TERM | |
| Subject / Department | Pathology / Medical |
| 700 ## - ADDED ENTRY--PERSONAL NAME | |
| Personal name | Abbas, Abul K |
| 700 ## - ADDED ENTRY--PERSONAL NAME | |
| Personal name | Aster, Jon C. |
| 300 ## - PHYSICAL DESCRIPTION | |
| -- | ill; |
| -- | 27 cm. |
| 952 ## - LOCATION AND ITEM INFORMATION (KOHA) | |
| -- | 0 |
| -- | 0 |
| Lost status | Damaged status | Permanent Location | Current Location | Shelving Location | Date acquired | Full Call Number | Accession No./Barcode | Date last seen | item type |
|---|---|---|---|---|---|---|---|---|---|
| Superior Information Resource Center (SIRC) Superior University- Main Campus | Superior Information Resource Center (SIRC) Superior University- Main Campus | Medical | 07/06/2023 | 616.07 KUM-R 2018 | 20010 | 07/10/2025 | BOOK |
